Computer aided optimum design of structures : (Rekord nr 29198)
| 000 -ETYKIETA REKORDU | |
|---|---|
| podpole kontrolne o stałej długości | 01649nam a2200457 i 4500 |
| 001 - NUMER KONTROLNY REKORDU | |
| pole kontrolne | 29198 |
| 003 - IDENTYFIKATOR NUMERU KONTROLNEGO REKORDU | |
| podpole kontrolne | KOSZ 005 |
| 005 - DATA OSTATNIEJ MODYFIKACJI REKORDU | |
| podpole kontrolne | 20191016080513.0 |
| 008 - POLE O STAŁEJ DŁUGOŚCI - DANE KONTROLNE | |
| podpole kontrolne o stałej długości | 950505s1989 us f |100 0 eng d |
| 020 ## - MIĘDZYNARODOWY ZNORMALIZOWANY NUMER KSIĄŻKI - ISBN | |
| ISBN | 1853120340 |
| 020 ## - MIĘDZYNARODOWY ZNORMALIZOWANY NUMER KSIĄŻKI - ISBN | |
| ISBN | 1853120359 |
| 040 ## - ŹRÓDŁO KATALOGOWANIA | |
| Instytucja, która utworzyła rekord | KOSZ 005 |
| Instytucja, która sporządziła opis | KOSZ 005 |
| Instytucja, która dokonała modyfikacji | KOSZ 005/HR |
| 046 ## - DATY KODOWANE | |
| Pojedyncza data lub początek okresu powstania dzieła lub zbioru dzieł | 1989 |
| 080 ## - UNIWERSALNA KLASYFIKACJA DZIESIĘTNA - UKD | |
| UKD | 621.01 |
| 080 ## - UNIWERSALNA KLASYFIKACJA DZIESIĘTNA - UKD | |
| UKD | 624.01/.07 |
| 080 ## - UNIWERSALNA KLASYFIKACJA DZIESIĘTNA - UKD | |
| UKD | 519.61/.64 |
| 080 ## - UNIWERSALNA KLASYFIKACJA DZIESIĘTNA - UKD | |
| UKD | 519.86 |
| 080 ## - UNIWERSALNA KLASYFIKACJA DZIESIĘTNA - UKD | |
| UKD | 539.3/.6 |
| 245 #0 - TYTUŁ/ODPOWIEDZIALNOŚĆ | |
| Tytuł | Computer aided optimum design of structures : |
| Ciąg dalszy tytułu | recent advances : proceedings of the first International Conference, Southampton, UK, June 1989 / |
| Pozostałe elementy strefy tytułu i oznaczenia odpowiedzialności | eds C. A. Brebbia, S. Hernandez. |
| 260 ## - STREFA ADRESU WYDAWNICZEGO | |
| Miejsce wydania | Southampton ; |
| -- | Boston ; |
| Nazwa wydawcy/dystrybutora | Computational Mechanics Publications ; |
| Miejsce wydania | Berlin [etc.] ; |
| Nazwa wydawcy/dystrybutora | Springer, |
| Data publikacji, dystrybucji/powstania dokumentu | 1989. |
| 300 3# - STREFA OPISU FIZYCZNEGO | |
| Objętość | 377 s. : |
| Inne cechy fizyczne | rys., wykr. ; |
| Rozmiary | 24 cm. |
| 336 ## - TYP ZAWARTOŚCI | |
| Źródło (terminu i kodu) | rdacontent |
| Termin opisujący typ zawartości | Tekst |
| Kod określający zawartość | txt |
| 337 ## - TYP MEDIÓW | |
| Źródło (terminu i kodu) | rdamedia |
| Tryb odtwarzania | Bez urządzenia pośredniczącego |
| Kod typu mediów | n |
| 338 ## - TYP/RODZAJ NOŚNIKA | |
| Źródło (terminu i kodu) | rdacarrier |
| Hasło opisujące typ nośnika | Wolumin |
| Kod typu nośnika | nc |
| 380 ## - FORMA I TYP PUBLIKACJI | |
| Forma i typ publikacji | Książki |
| 380 ## - FORMA I TYP PUBLIKACJI | |
| Forma i typ publikacji | Publikacje naukowe |
| 388 ## - CZAS POWSTANIA | |
| Czas powstania | 1901-2000 |
| 388 ## - CZAS POWSTANIA | |
| Czas powstania | 1989-2000 |
| 504 ## - UWAGA DOTYCZĄCA BIBLIOGRAFII | |
| Informacje o bibliografii | Bibliografia przy artykułach. |
| 658 ## - TERMIN INDEKSOWY - PRZEDMIOT PROGRAMU NAUCZANIA | |
| Główny przedmiot programu nauczania | Inżynieria i technika |
| 650 #4 - HASŁO PRZEDMIOTOWE W FORMIE NAZWY OGÓLNEJ LUB JEDNOSTKOWEJ | |
| Nazwa ogólna lub geograficzna | Optymalizacja |
| 650 #4 - HASŁO PRZEDMIOTOWE W FORMIE NAZWY OGÓLNEJ LUB JEDNOSTKOWEJ | |
| Nazwa ogólna lub geograficzna | Analiza numeryczna |
| 650 #4 - HASŁO PRZEDMIOTOWE W FORMIE NAZWY OGÓLNEJ LUB JEDNOSTKOWEJ | |
| Nazwa ogólna lub geograficzna | Projektowanie wspomagane komputerowo |
| 650 #4 - HASŁO PRZEDMIOTOWE W FORMIE NAZWY OGÓLNEJ LUB JEDNOSTKOWEJ | |
| Nazwa ogólna lub geograficzna | Konstrukcje |
| 650 #4 - HASŁO PRZEDMIOTOWE W FORMIE NAZWY OGÓLNEJ LUB JEDNOSTKOWEJ | |
| Nazwa ogólna lub geograficzna | Mechanika stosowana |
| 655 #4 - TERMIN INDEKSOWY - OKREŚLENIE RODZAJU/FORMY DOKUMENTU | |
| Określenie rodzaju/formy dokumentu | Materiały konferencyjne |
| 700 1# - HASŁO DODATKOWE - NAZWA OSOBOWA | |
| Nazwa osobowa | Hernández, Santiago |
| Daty związane z nazwą | (1951- ). |
| Określenie związku między hasłem a opisywanym materiałem | Redakcja |
| 700 1# - HASŁO DODATKOWE - NAZWA OSOBOWA | |
| Nazwa osobowa | Brebbia, Carlos Alberto |
| Daty związane z nazwą | (1938- ). |
| Określenie związku między hasłem a opisywanym materiałem | Redakcja |
| 856 ## - LOKALIZACJA I DOSTĘP DO ELEKTRONICZNYCH DOKUMENTÓW ZDALNYCH | |
| Link (URL) | http://koha.tu.koszalin.pl/cgi-bin/koha/opac-detail.pl?biblionumber=29198 |
| Tekst linku | Katalog online BPK |
| 942 ## - DODATKOWE ELEMENTY (KOHA) | |
| Typ dokumentu | Książka |
| Schemat klasyfikacji | Uniwersalna Klasyfikacja Dziesiętna |
| Wycofany | Status egzemplarza | Uszkodzony | Dostępność | Lokalizacja stała | Lokalizacja bieżąca | Miejsce przechowywania | Sygnatura | Kod kreskowy | Typ dokumentu |
|---|---|---|---|---|---|---|---|---|---|
| Dostępny | Biblioteka Politechniki Koszalińskiej | Biblioteka Politechniki Koszalińskiej | Wypożyczalnia BG | 35289 | 01177893 | Książka |
